Znani Polacy o imieniu na A - Statystyki

Ogólne statystyki
  • Ten quiz został rozwiązany 28 razy
  • Średni wynik to 6 z 22
Statystyki odpowiedzi
Imię Podpowiedź Nazwisko % Poprawnych
Adrian Polityk lewicy Adrian Zandberg
78%
Poseł, stworzył listę tajnych współpracowników Antoni Macierewicz
59%
Piłkarz Arkadiusz Milik
56%
Były bramkarz Legii Warszawa Arkadiusz Malarz
52%
Adolf Aktor Adolf Dymsza/Bagiński
48%
Trener Jagielloni Białystok Adrian Siemieniec
44%
Arkady Podróżnik, pisarz Arkady Fiedler
44%
Żołnierz ps. "Nil" August Emil Fieldorf
44%
Były piłkarz reprezentacji Adrian Mierzejewski
37%
Piłkarz Lecha Poznań Antoni Kozubal
33%
Poeta Antoni Słonimski
33%
Antoni Politolog, historyk, publicysta Antoni Dudek
26%
Poseł, mąż Kingi Gajewskiej Arkadiusz Myrcha
22%
Były piłkarz reprezentacji Arkadiusz Głowacki
19%
Piłkarz reprezentacji Arkadiusz Reca
11%
Prezydent na uchodźstwie August Zaleski
11%
Aktor, znany z "Big Love" Antoni Pawlicki
7%
August Były marszałek Senatu RP August Chełkowski
7%
Wnuk aktora, mistrz świata w szermierce historycznej Antoni Olbrychski
4%
Malarz Antoni Fałat
0%
Arkadiusz Aktor Arkadiusz Bazak
0%
Aktor i wokalista Arkadiusz Brykalski
0%
Nie znaleziono quizów pasujących do podanych kryteriów
Rozkład punktacji
Procent ludzi z każdym wynikiem
Percentyl według liczby udzielonych odpowiedzi
Twoja historia wyników
Nie rozwiązałeś tego quizu